000 00304nam a2200145Ia 4500
100 _aGupta/V
942 _cBK
654 _acomputer course
245 _aComdex computer course kit with CD
260 _bDream tech
_c2002
082 _a5.133
_bGUP
300 _a616
546 _aENGLISH
999 _c24636
_d24636